01319 a2200205 45000010006000000050017000060080041000230030015000640400040000790800035001192450076001540200018002302640039002483000024002875050628003110410008009391000033009477000034009808560099010145304620260407155804.0260407a2003 arg spa dAR-UNSa-BCEJYS aAR-UNSa-BCEJYSbspacAR-UNSa-BCEJYS a330.4xEconomía matemática10aMétodos dinámicos en economíapotra búsqueda del tiempo perdido a970-686-247-1 1aMéxico :bThomson Learningc2003 axix, 544 p.c23 cm. a1. En defensa de los modelos matemáticos - 2. Ecuaciones diferenciales y dinámica contínua - 3. Ecuaciones no lineales de primer orden - 4. Sistemas de ecuaciones diferenciales lineales - 5. Análisis cualitativo - 6. Conceptos básicos de dinámica discreta - 7. Sistemas de ecuaciones diferenciales lineales - 8. Ecuaciones en diferencias estocásticas - 9. Optimización estática - 10. La mano invisible - 11. Introducción al cálculo de variaciones - 12. Teoría del control - 13. Problemas de control con restricciones - 14. Elementos de programación dinámica - 15. El campo de números complejos aspa1 aLomelí Ortega, Héctor E.1 aRumbos Pellicer, Irma Beatriz41uhttps://www.biblioeco.unsa.edu.ar/pmb/images/libros/L128423.jpgyImagen de portadaqimage/jpeg